00646nam a22001937a 4500999001900000005001700019010001500036020002500051035001400076037001300090082001000103245005700113250001000170260006700180270002400247300002200271942002400293952013500317 c195402d19540220230327145448.0 aENG-136506 a9789352102556c50.00 aEN-120038 bDBAD/PUB a181.4 aSri Aurobindo Changing The Face Of Indian Policies / aFirst aPondicherrybSri Aurobindo Ashram Publication Departmentc2022 bPondicherrye605002 ax82p.;c18cm(pbk) 2ddccENh181.4mSRI 001040708NFICaBL4bBL4d2023-03-27eDBAD/PUBg50.00l2m3o181.4 SRIpEN-120038r2026-01-10 00:00:00s2025-12-03t1v50.00yEN